Taylor Swift - Compléter le bridge de Enchanted - Statistiques

Statistiques générales
  • Ce quiz a été pris 73 fois
  • Le résultat moyen est 6 sur 7
Statistiques - réponses
Question Réponse % Correct
Please, don't be in love with *** else someone
100%
Please, don't have *** waiting on you somebody
97%
As I was *** too soon. I was enchanted to meet you leaving
95%
This is me ***. This was the very first page praying that
90%
*** are the words I held back These
79%
*** the storyline ends Not where
74%
My *** will echo your name. Until I see you again thoughts
56%
Aucun quiz correspondant
Distribution des résultats
% des personnes avec chaque résultat
Percentile par nombre de réponses
Votre historique - résultats
Vous n’avez pas pris ce quiz